000 00428nam a22001577a 4500
999 _c15402
_d15402
003 OSt
008 180820b ||||| |||| 00| 0 eng d
020 _a9788183602570
082 _a664
_bKOT/SU
100 _aKothakota, Anjineyulu
_aPandiselvam,R
_aDhanimsetti, Sankararao
_93276
245 _aSubjective and objective food technology
250 _a1
260 _aNew Delhi
_bJain Brothers
_c2018
300 _a417p
942 _cBK